[Event "zonal 2.2"]
[Site "Kingston CAN"]
[Date "1993.05.??"]
[Round "9"]
[White "Basanta, Gary"]
[Black "Livshits, Ron"]
[Result "1/2-1/2"]
[WhiteElo "2215"]
[BlackElo "2335"]
[EventDate "1994.05.14"]
[PlyCount "105"]

1.e4 e5 2.Nf3 Nc6 3.Bc4 Bc5 4.b4 Bxb4 5.c3 Be7 6.d4 d6 7.dxe5 Bg4 8.Qb3 
Bxf3 9.Bxf7+ Kf8 10.gxf3 Nxe5 11.Be6 Bg5 12.Bxg5 Qxg5 13.Ke2 b6 14.Nd2 Ne7
15.h4 Qf6 16.h5 g5 17.hxg6 N7xg6 18.Bf5 Re8 19.Bxg6 Nxg6 20.Qc4 Nf4+ 21.
Kd1 Ne6 22.Kc2 h5 23.Rag1 a5 24.Qd5 Nf4 25.Qc4 Re7 26.a4 Rg7 27.Nf1 Qf7 
28.Qxf7+ Kxf7 29.Rxg7+ Kxg7 30.Ne3 Kf6 31.Rg1 Rh7 32.Nf5 h4 33.Rg4 Ng6 34.
Kd2 h3 35.Rg1 Nf4 36.Ke3 Ng2+ 37.Kd4 Nh4 38.Nxh4 Rxh4 39.Rh1 c6 40.f4 Ke6 
41.c4 h2 42.f3 Rh3 43.f5+ Kf6 44.f4 Rh4 45.Kd3 d5 46.cxd5 cxd5 47.exd5 
Kxf5 48.Ke3 Rh3+ 49.Kd4 Rh6 50.Ke3 Rh3+ 51.Kd4 Rh6 52.Ke3 Rh3+ 53.Kd4 
1/2-1/2

[Event "zonal 2.2"]
[Site "Kingston CAN"]
[Date "1993.05.??"]
[Round "9"]
[White "Day, Lawrence"]
[Black "Gentes, Kevin"]
[Result "1/2-1/2"]
[WhiteElo "2395"]
[BlackElo "2285"]
[EventDate "1994.05.14"]
[PlyCount "48"]

1.e4 e5 2.f4 exf4 3.Nf3 d5 4.exd5 Nf6 5.Bb5+ c6 6.dxc6 bxc6 7.Be2 Bd6 8.
O-O O-O 9.b3 Bg4 10.Bb2 Nbd7 11.c4 c5 12.Nc3 Rc8 13.Qe1 Re8 14.Qh4 Nf8 15.
Rae1 Ng6 16.Qf2 Bxf3 17.Bxf3 Ne5 18.Na4 Nd3 19.Rxe8+ Qxe8 20.Qe2 Qxe2 21.
Bxe2 Nxb2 22.Nxb2 Be5 23.Nd3 Bd4+ 24.Kh1 Ne4 1/2-1/2

[Event "zonal 2.2"]
[Site "Kingston CAN"]
[Date "1993.05.??"]
[Round "9"]
[White "Huber, Gregory"]
[Black "Horton, Joe"]
[Result "0-1"]
[WhiteElo "2320"]
[BlackElo "2305"]
[EventDate "1994.05.14"]
[PlyCount "84"]

1.e4 c5 2.Nc3 g6 3.Nge2 Bg7 4.g3 Nc6 5.Bg2 e6 6.d3 Nge7 7.Be3 Nd4 8.O-O 
O-O 9.Qd2 Rb8 10.Nc1 d6 11.Nd1 Re8 12.c3 Ndc6 13.a3 b5 14.d4 cxd4 15.cxd4 
d5 16.e5 Nf5 17.b4 f6 18.f4 fxe5 19.fxe5 a5 20.Rb1 axb4 21.axb4 Bf8 22.Bh3
Nxe3 23.Nxe3 Qg5 24.Rf4 Bh6 25.Ng4 Rf8 26.Ne2 Rxf4 27.Nxf4 Bg7 28.Rc1 Bd7 
29.Rc5 h5 30.Ne3 Nxd4 31.Qxd4 Bxe5 32.Rxd5 Bxd4 33.Rxg5 Bxe3+ 34.Kf1 Bxf4 
35.gxf4 Kf7 36.Bg2 Rc8 37.Rc5 Ke7 38.Be4 Rf8 39.Bxg6 Rxf4+ 40.Ke2 h4 41.
Rh5 Rxb4 42.Ke3 Bc6 0-1

[Event "zonal 2.2"]
[Site "Kingston CAN"]
[Date "1993.05.??"]
[Round "9"]
[White "Spraggett, Kevin"]
[Black "O'Donnell, Tom"]
[Result "1-0"]
[WhiteElo "2540"]
[BlackElo "2395"]
[EventDate "1994.05.14"]
[PlyCount "89"]

1.g3 d5 2.Bg2 e5 3.d3 Nc6 4.c3 a5 5.Nf3 Nf6 6.O-O h6 7.Nbd2 Be6 8.Qc2 Qd7 
9.b3 Be7 10.Bb2 O-O 11.Rad1 Rfd8 12.a3 Bh3 13.b4 Bxg2 14.Kxg2 Qe6 15.e4 
dxe4 16.dxe4 Nd7 17.Rfe1 Nb6 18.h3 Rac8 19.Bc1 axb4 20.cxb4 Nd4 21.Nxd4 
Rxd4 22.Bb2 Rd6 23.Nf3 Nc4 24.Qc3 Nxb2 25.Qxb2 f6 26.Rc1 c6 27.Nh4 Rcd8 
28.Nf5 Rd3 29.Rc3 Bf8 30.h4 g6 31.Ne3 h5 32.b5 Bh6 33.bxc6 Rxc3 34.Qxc3 
bxc6 35.Rd1 Rxd1 36.Nxd1 Qd6 37.Nb2 Bd2 38.Qb3+ Kf8 39.Nc4 Qd8 40.Qb7 Bc3 
41.Qxc6 Kg7 42.Nd6 Bd4 43.Qb7+ Kg8 44.Qf7+ Kh8 45.Ne8 1-0

[Event "zonal 2.2"]
[Site "Kingston CAN"]
[Date "1993.05.??"]
[Round "10"]
[White "Gentes, Kevin"]
[Black "Hartman, Brian"]
[Result "0-1"]
[WhiteElo "2285"]
[BlackElo "2370"]
[EventDate "1994.05.14"]
[PlyCount "66"]

1.e4 e5 2.Nf3 Nc6 3.Bb5 a6 4.Ba4 Nf6 5.O-O Be7 6.Re1 b5 7.Bb3 O-O 8.c3 d5 
9.exd5 Nxd5 10.Nxe5 Nxe5 11.Rxe5 c6 12.d4 Bd6 13.Re1 Qh4 14.g3 Qh3 15.Be3 
Bg4 16.Qd3 Rae8 17.Nd2 Re6 18.Qf1 Qh5 19.a4 bxa4 20.Rxa4 f5 21.Bxd5 cxd5 
22.f4 Qe8 23.Bf2 Rxe1 24.Qxe1 Qxa4 25.Qe6+ Rf7 26.Qxd6 Qd1+ 27.Nf1 Bh3 28.
Qd8+ Rf8 29.Qxd5+ Kh8 30.Qc4 h6 31.d5 Re8 32.Bd4 Re2 33.Bxg7+ Kh7 0-1

[Event "zonal 2.2"]
[Site "Kingston CAN"]
[Date "1993.05.??"]
[Round "10"]
[White "Horton, Joe"]
[Black "Nickoloff, Bryon"]
[Result "1/2-1/2"]
[WhiteElo "2305"]
[BlackElo "2420"]
[EventDate "1994.05.14"]
[PlyCount "69"]

1.g3 g6 2.Bg2 Bg7 3.c4 c5 4.Nc3 Nc6 5.Nf3 e6 6.O-O Nge7 7.d3 O-O 8.e4 d5 
9.exd5 exd5 10.Bg5 h6 11.Bf4 Be6 12.Qe2 dxc4 13.dxc4 Nf5 14.Nb5 Nfd4 15.
Nfxd4 Nxd4 16.Nxd4 Qxd4 17.Rfd1 Qxc4 18.Qxc4 Bxc4 19.Bd6 Bxb2 20.Rab1 Bd4 
21.Bxf8 Rxf8 22.Rxb7 Bxa2 23.Rxa7 Be6 24.Ra8 Rxa8 25.Bxa8 Kg7 26.Kg2 g5 
27.f3 Kf6 28.Kf1 Bc4+ 29.Kg2 Be6 30.Bb7 Ke5 31.Rd2 Be3 32.Rd3 Bd4 33.Rd2 
Be3 34.Rd3 Bd4 35.Rd2 1/2-1/2

[Event "zonal 2.2"]
[Site "Kingston CAN"]
[Date "1993.05.??"]
[Round "10"]
[White "Livshits, Ron"]
[Black "Day, Lawrence"]
[Result "0-1"]
[WhiteElo "2335"]
[BlackElo "2395"]
[EventDate "1994.05.14"]
[PlyCount "104"]

1.e4 b6 2.d4 Bb7 3.Nc3 e6 4.Nf3 Bb4 5.Bd3 Nf6 6.Bg5 h6 7.Bxf6 Qxf6 8.O-O 
Bxc3 9.bxc3 Nc6 10.Rb1 a6 11.Qe2 e5 12.Nxe5 Nxe5 13.dxe5 Qxe5 14.f4 Qxc3 
15.Kh1 Qa5 16.c4 Qc5 17.a4 Bc6 18.a5 bxa5 19.e5 O-O 20.Qg4 Rfe8 21.h4 Re6 
22.f5 Rxe5 23.f6 Qf8 24.Rfe1 Rxe1+ 25.Rxe1 Kh8 26.Re3 Qg8 27.Rg3 g6 28.Qf4
a4 29.Bc2 Re8 30.Bxg6 Qf8 31.Bd3 Re1+ 32.Kh2 Rd1 33.Rg7 Qd6 34.Qxd6 cxd6 
35.Bf5 Rf1 36.g4 Rxf5 37.gxf5 a3 38.Rxf7 a2 39.Rf8+ Kh7 40.Rf7+ Kg8 41.
Rg7+ Kf8 42.Rg1 Be4 43.Ra1 Bb1 44.Kg3 Kf7 45.Kg4 Kxf6 46.Kh5 Kxf5 47.Kxh6 
Kf6 48.Kh5 Ke5 49.Kg5 Kd4 50.h5 Kc3 51.Kf6 Kb2 52.Rxa2+ Kxa2 0-1

[Event "zonal 2.2"]
[Site "Kingston CAN"]
[Date "1993.05.??"]
[Round "10"]
[White "Spraggett, Kevin"]
[Black "Basanta, Gary"]
[Result "1-0"]
[WhiteElo "2540"]
[BlackElo "2215"]
[EventDate "1994.05.14"]
[PlyCount "47"]

1.Nf3 Nf6 2.c4 b6 3.d4 e6 4.Nc3 Bb7 5.a3 a6 6.d5 exd5 7.cxd5 b5 8.e4 Qe7 
9.Bg5 d6 10.Bd3 h6 11.Bh4 g5 12.Bg3 Bg7 13.O-O Nh5 14.Bc2 Nxg3 15.hxg3 Bc8
16.Re1 Bg4 17.Qd2 Bxf3 18.gxf3 Qf6 19.e5 dxe5 20.d6 Qxd6 21.Qe3 Nd7 22.
Rad1 Qc5 23.Qe4 O-O-O 24.Qa8+ 1-0

[Event "zonal 2.2"]
[Site "Kingston CAN"]
[Date "1993.05.??"]
[Round "11"]
[White "Basanta, Gary"]
[Black "O'Donnell, Tom"]
[Result "1-0"]
[WhiteElo "2215"]
[BlackElo "2395"]
[EventDate "1994.05.14"]
[PlyCount "80"]

1.e4 c5 2.Nf3 d6 3.Nc3 Nc6 4.d4 cxd4 5.Nxd4 Nf6 6.Bc4 Qb6 7.Nb3 e6 8.Be3 
Qc7 9.O-O a6 10.a4 b6 11.f4 Be7 12.Qf3 O-O 13.Bd3 Bb7 14.g4 Nd7 15.g5 Nb4 
16.Qg3 d5 17.exd5 Nxd3 18.cxd3 exd5 19.Rac1 Nc5 20.Nxc5 bxc5 21.d4 Rfe8 
22.Qf2 Bf8 23.Ne2 c4 24.Ng3 Qe7 25.Rfe1 Qd7 26.f5 Qxa4 27.Bf4 Rxe1+ 28.
Rxe1 Re8 29.Be5 Bb4 30.Re2 Bc8 31.h4 Qd1+ 32.Kg2 Bd7 33.h5 f6 34.gxf6 gxf6
35.Bxf6 Rxe2 36.Nxe2 Bxf5 37.Qg3+ Kf7 38.Qg7+ Ke8 39.Qg8+ Bf8 40.Ng3 Qg4 
1-0

[Event "zonal 2.2"]
[Site "Kingston CAN"]
[Date "1993.05.??"]
[Round "11"]
[White "Day, Lawrence"]
[Black "Spraggett, Kevin"]
[Result "0-1"]
[WhiteElo "2395"]
[BlackElo "2540"]
[EventDate "1994.05.14"]
[PlyCount "86"]

1.e4 c5 2.f4 Nc6 3.Nf3 g6 4.Bb5 Nf6 5.Bxc6 bxc6 6.d3 Bg7 7.c4 d6 8.h3 Nd7 
9.O-O Nf8 10.Nc3 Ne6 11.Ne2 Nd4 12.Nexd4 cxd4 13.Rb1 a5 14.b3 c5 15.Qe1 f5
16.e5 dxe5 17.fxe5 Bb7 18.Rb2 Qb6 19.h4 h6 20.Bf4 e6 21.a3 Kf7 22.b4 axb4 
23.axb4 Rhb8 24.Qd2 Bxf3 25.Rxf3 cxb4 26.Bxh6 Ra1+ 27.Rf1 Rxf1+ 28.Kxf1 
Bxe5 29.Bf4 Bxf4 30.Qxf4 Rh8 31.g3 Ra8 32.h5 Qc6 33.hxg6+ Kxg6 34.g4 Qh1+ 
35.Kf2 Qh4+ 36.Kf3 Rf8 37.Kg2 fxg4 38.Qe4+ Kh6 39.Qxe6+ Rf6 40.Qe2 g3 41.
Kg1 g2 42.Kxg2 Rg6+ 43.Kf3 Qg4+ 0-1

[Event "zonal 2.2"]
[Site "Kingston CAN"]
[Date "1993.05.??"]
[Round "11"]
[White "Huber, Gregory"]
[Black "Gentes, Kevin"]
[Result "0-1"]
[WhiteElo "2320"]
[BlackElo "2285"]
[EventDate "1994.05.14"]
[PlyCount "70"]

1.e4 e5 2.Bc4 Nf6 3.d3 Bc5 4.Nf3 d6 5.O-O Nc6 6.c3 Bg4 7.Re1 Bb6 8.Nbd2 
O-O 9.h3 Be6 10.Bb3 Ne7 11.Bc2 Ng6 12.Nf1 h6 13.d4 Re8 14.Ng3 c6 15.Be3 
Bc7 16.Qd2 Nh7 17.Nf5 Qf6 18.Nh2 h5 19.g4 Nf4 20.Bxf4 exf4 21.Qxf4 g6 22.
Nf3 gxf5 23.exf5 hxg4 24.hxg4 Bd5 25.g5 Qg7 26.f6 Nxf6 27.Nh2 Nh7 28.Ng4 
Nxg5 29.Nf6+ Kh8 30.Qh4+ Nh7+ 31.Ng4 Be6 32.Re3 Qxg4+ 33.Qxg4 Bxg4 34.Rg3 
f5 35.d5 Bb6 0-1